000 00939nam a2200265Ia 4500
003 OSt
005 20220923211107.0
006 a|||||r|||| 00| 0
007 ta
008 220922b |||||||| |||| 00| 0 hin d
020 _a8180030520 (hbk)
_c450
024 _a235,362
037 _b347, 13/03/2008, Swaraj Prakashan
_cTextual
040 _aARTS
_cARTS
_bhin
041 _2hin
_ahin
082 _aO152,1J32:g(Y15), P2
100 _aत्यागी, शारदा
_9158152
245 0 _aतुलसी साहित्य में नारी
246 _aTulasī sāhitya mean nārī
260 _aमेरठ
_b ईशान प्रकाशन
_c2002
300 _a388पृ.
_ccm.
650 _aहिन्दी साहित्य
_9156264
942 _hO152,1J32:g(Y15), P2
_cTEXL
_2CC
999 _c295147
_d295147